[Event "XXI SuperGM"]
[Site "Linares ESP"]
[Date "2004.03.02"]
[Round "11"]
[White "Leko, P."]
[Black "Kramnik, V."]
[Result "0-1"]
[WhiteElo "2722"]
[BlackElo "2777"]
[PlyCount "72"]
[EventDate "2004.02.19"]

1. e4 c5 2. Nf3 Nc6 3. d4 cxd4 4. Nxd4 Nf6 5. Nc3 e5 6. Ndb5 d6 7. Bg5 a6 8.
Na3 b5 9. Bxf6 gxf6 10. Nd5 f5 11. Bd3 Be6 12. O-O Bxd5 13. exd5 Ne7 14. Qh5 e4
15. Be2 Bg7 16. c3 Rc8 17. Nc2 Rc5 18. Ne3 f4 19. Nf5 O-O 20. a4 Nxf5 21. Qxf5
Qe7 22. axb5 axb5 23. Qxf4 Rxd5 24. Rfd1 Re5 25. Qe3 f5 26. Qb6 f4 27. Qxd6 Qg5
28. f3 e3 29. Ra7 Kh8 30. Qd7 Rg8 31. Qh3 Qg6 32. Rad7 Rh5 33. R7d6 (33. Qg4
Rg5 34. Qh3 Bf6 {
with a deadly threat of mate on g2. White has no defence and can resign.})
33... Bf6 34. Rxf6 Qc2 $1 35. Qxh5 (35. Re1 Qd2 36. Kf1 Rxh3) 35... Qxe2 36. g4
Qf2+ 0-1